Les 20 plus grandes villes du Cantal - Statistiques

Statistiques générales
  • Ce quiz a été pris 128 fois
  • Le résultat moyen est 9 sur 20
Statistiques - réponses
Population Ville % Correct
25703 Aurillac
100%
6451 Saint Flour
92%
3489 Mauriac
82%
2107 Maurs
67%
1815 Murat
65%
1801 Massiac
58%
6313 Arpajon sur Cère
54%
4329 Ytrac
53%
1862 Vic sur Cère
49%
1632 Ydes
39%
2027 Jussac
38%
2116 Naucelles
36%
2454 Riom ès Montagnes
33%
1454 Pleaux
29%
1536 Saint Paul des Landes
22%
1546 Saint Mamet la Salvetat
19%
1386 Lanobre
16%
1728 Neussargues en Pinatelle
15%
1720 Neuvéglise sur Truyère
14%
1352 Sansac de Marmiesse
12%
Aucun quiz correspondant
Distribution des résultats
% des personnes avec chaque résultat
Percentile par nombre de réponses
Votre historique - résultats
Vous n’avez pas pris ce quiz